00517nam a22001337a 4500003000500000038001800005082000800023100002600031245016900057264003400226650003200260700003400292856005700326NUST aNusrat Nadeem a200 aAkbar Muhammad Awais  aIntegrated-decision support system (DSS) for risk identification and mitigation in manufacturing industry for zero-defect manufacturing (ZDM)/cMuhammad Awais Akbar aIslamabad:bCEME NUST.c2025. aPhD-Engineering Management  aSupervisor: Dr. Afshan Naseem uhttp://10.250.8.41:8080/xmlui/handle/123456789/54786